Bewertung des irregulären Verlustes von Know-how Schäden durch Wirtschaftsspionage und Fluktuation
Gespeichert in:
| 1. Verfasser: | |
|---|---|
| Format: | Buch |
| Sprache: | Deutsch |
| Veröffentlicht: |
Köln
Wirtschaftsverlag Bachem
1999
|
| Schriftenreihe: | Unternehmensführung und Personalwirtschaft
Band 10 |
| Schlagworte: | |
| Tags: |
Keine Tags, Fügen Sie das erste Tag hinzu!
|
MARC
| LEADER | 00000nam a2200000 4500 | ||
|---|---|---|---|
| 001 | c129757 | ||
| 005 | 20221221081704.2 | ||
| 020 | |a 3-89172-416-0 | ||
| 041 | 0 | |a ger | |
| 044 | |a DE | ||
| 245 | 1 | 0 | |a Bewertung des irregulären Verlustes von Know-how |b Schäden durch Wirtschaftsspionage und Fluktuation |c Burkhard Liman |
| 264 | 1 | |a Köln |b Wirtschaftsverlag Bachem |c 1999 | |
| 300 | |a 320 s. | ||
| 490 | 1 | |a Unternehmensführung und Personalwirtschaft |v Band 10 | |
| 830 | 0 | |a Unternehmensführung und Personalwirtschaft |v Band 10 | |
| 610 | 2 | 0 | |a know-how |
| 610 | 2 | 0 | |a škody |
| 610 | 2 | 0 | |a špionáž hospodárska |
| 610 | 2 | 0 | |a fluktuácia |
| 610 | 2 | 0 | |a výkony podnikové |
| 610 | 2 | 0 | |a konkurencia |
| 100 | 1 | |a Liman, Burkhard | |